| 000 | 00920cad a22002295a 4500 | ||
|---|---|---|---|
| 001 | E155071 | ||
| 008 | 120227s2012 xxk f s000 0 eng d | ||
| 035 | _a(Sirsi) u155071 | ||
| 041 | 0 | _aeng | |
| 110 | 2 |
_aScotland _kLaws, etc |
|
| 245 | 0 | 4 |
_aThe Non-Domestic Rate (Scotland) Order 2012 _h[electronic resource] |
| 260 |
_aEdinburgh _bScottish Government _c2012 |
||
| 490 | 0 |
_aScottish Statutory Instrument _v2012: 27 |
|
| 520 | _aComes into force on 1 April 2012. Sets a rate of 45 pence in the pound as the non-domestic rate to be levied across Scotland for the 2012/2013 financial year. | ||
| 521 | _aAdvanced | ||
| 590 | _aKA | ||
| 650 | 2 | 4 | _aNON-DOMESTIC RATE (SCOTLAND) ORDER 2012 |
| 651 | 4 |
_aScotland _y1999- |
|
| 690 | _aFinance and taxation | ||
| 856 | 4 | 0 |
_uhttps://www.legislation.gov.uk/ssi/2012/27/contents/made _zView the statutory instrument free of charge at www.legislation.gov.uk... |
| 942 | _n0 | ||
| 999 |
_c113308 _d113308 |
||